Statistiken für Flaggen, die am meisten Blau beinhalten

Klicken Sie hier um das Quiz zu spielen!

Allgemein

  • Dieses Quiz wurde 170 mal gespielt
  • Das Durchschnittsergebnis liegt bei 13 aus 16

Antwortstatistiken

Answer % Korrekt
Australien
99%
Neuseeland
98%
Schweden
97%
Bosnien und Herzegowina
93%
Kosovo
92%
Kasachstan
82%
Fidschi
81%
Palau
81%
F. S. Mikronesien
77%
Nauru
76%
Marshallinseln
74%
Somalia
72%
Tuvalu
72%
St. Lucia
68%
Botswana
66%
Kap Verde
59%

Verteilung der Resultate

Perzentil nach korrekt beantworteten Fragen

Anzahl Personen mit jedem Resultat

Ihre Resultats-Entwicklung

Sie haben dieses Quiz noch nicht gespielt